| 000 | 00000nam 2200000zi 4500 |
| 001 | 9.930862 |
| 003 | CaOODSP |
| 005 | 20240123092718 |
| 006 | m o d f |
| 007 | cr mn||||||||| |
| 008 | 231124t20232023quca ob f000 0 fre d |
| 020 | |a9780660690315 |
| 040 | |aCaOODSP|bfre|erda|cCaOODSP |
| 043 | |an-cn--- |
| 086 | 1 |aEn4-625/2023F-PDF |
| 245 | 00|aCadre réglementaire pour plafonner les émissions de gaz à effet de serre du secteur pétrolier et gazier. |
| 264 | 1|aGatineau (Québec) : |bEnvironnement et changement climatique Canada = Environment and Climate Change Canada, |c[2023] |
| 264 | 4|c©2023 |
| 300 | |a1 ressource en ligne (iii, 14 pages) : |billustration en couleur |
| 336 | |atexte|btxt|2rdacontent/fre |
| 337 | |ainformatique|bc|2rdamedia/fre |
| 338 | |aressource en ligne|bcr|2rdacarrier/fre |
| 500 | |aPublié aussi en anglais sous le titre : A regulatory framework to cap oil and gas sector greenhouse gas emissions. |
| 500 | |a« EC23045 » -- Verso de la couverture. |
| 504 | |aComprend des références bibliographiques. |
| 650 | 6|aGaz à effet de serre|xRéduction|xDroit|zCanada. |
| 650 | 6|aGaz carbonique|xRéduction|xDroit|zCanada. |
| 650 | 6|aPétrole|xIndustrie et commerce|xAspect de l'environnement|xDroit|zCanada. |
| 650 | 6|aGaz|xIndustrie|xAspect de l'environnement|xDroit|zCanada. |
| 710 | 1 |aCanada. |bEnvironnement et changement climatique Canada, |eorganisme de publication. |
| 775 | 08|tA regulatory framework to cap oil and gas sector greenhouse gas emissions.|w(CaOODSP)9.930861 |
| 856 | 40|qPDF|s490 Ko|uhttps://publications.gc.ca/collections/collection_2024/eccc/en4/En4-625-2023-fra.pdf |
| 856 | 4 |qHTML|sS.O.|uhttps://www.canada.ca/fr/services/environnement/meteo/changementsclimatiques/plan-climatique/plafonnement-emissions-secteur-petrolier-gazier/cadre-reglementaire.html |
| 986 | |aEC23045 |